000
00294nam a22001337a 4500
008
181008b xxu||||| |||| 00| 0 eng d
020
_a
0721653022
041
_a
eng
080
_a
61
100
_a
6
101
_a
ANE
245
_a
Anesthesia and Uncommon Diseases
_c
Katz,J
942
_2
udc
_c
BK
999
_c
49002
_d
49002